000 00557nam a22001817a 4500
999 _c8519
_d8519
008 201201b ||||| |||| 00| 0 eng d
040 _aBMS College of Architecture
100 _aReddy, Pradeep Bacham
245 _aCinema experience park
300 _a22p.
500 _a1BM13AT012
502 _8B,Arch
_NBMS College of Architecture, Visvesvaraya Technological University (VTU)
_aProject report
_d2017
650 _aPark
700 _aGirija Umashankar
_eGuide
700 _aRadhika Kuldarni
_eGuide
700 _aSharath Ravi
_eGuide
942 _2ddc
_cTHE